| 000 | 00692nam a2200217 a 4500 | ||
|---|---|---|---|
| 001 | 000023177 | ||
| 005 | 20200930022034.0 | ||
| 008 | 101129s1993 sp r 000 f spa d | ||
| 020 | _a8401429110 | ||
| 040 |
_aDO-SdBNP _bspa _cBNPHU |
||
| 082 |
_a863.64 _bM715d |
||
| 100 | 1 |
_aMoix, Terenci, _d1942-2003 _947717 |
|
| 245 | 1 | 0 |
_aEl día que murio Marilyn / _cTerenci Moix. |
| 260 |
_aBarcelona, (España) : _bPlaza & Janés, _c1993. |
||
| 300 |
_a472, [2] p. ; _c18 cm. |
||
| 490 | 1 |
_aBiblioteca de autor _aAve fenix _v188/1 |
|
| 650 | 4 |
_aNovela española _91123 |
|
| 650 | 4 |
_aLiteratura española _ySIGLO XX _93326 |
|
| 830 | 0 |
_aBiblioteca de autor ; _pAve fenix _v188/1 _947718 |
|
| 049 | _aBNGR | ||
| 999 |
_c22674 _d22674 |
||